Central Library OPAC University of Rajshahi

Development NGOs facing the 21st century : (Record no. 62363)

MARC details
000 -LEADER
fixed length control field 00706nam a2200217 a 4500
001 - CONTROL NUMBER
control field 62363
003 - CONTROL NUMBER IDENTIFIER
rucl marc code BD-RjUL
005 - DATE AND TIME OF LATEST TRANSACTION
control field 20211209081055.0
008 - FIXED-LENGTH DATA ELEMENTS--GENERAL INFORMATION
fixed length control field 170123s2000 np a b 000 0 eng d
020 ## - INTERNATIONAL STANDARD BOOK NUMBER
Canceled/invalid ISBN 9993331006 :
035 ## - SYSTEM CONTROL NUMBER
System control number (BD-RjUL)62489
040 ## - CATALOGING SOURCE
Original cataloging agency DLC
Transcribing agency DLC
Modifying agency BD-RjUL
Language of cataloging eng
041 ## - LANGUAGE CODE
Language code of text/sound track or separate title eng
082 ## - DEWEY DECIMAL CLASSIFICATION NUMBER
Edition number 23
Classification number 327.060959
Author mark and year DEV 2000
245 00 - TITLE STATEMENT
Title Development NGOs facing the 21st century :
Remainder of title perspectives from South Asia /
Statement of responsibility, etc. edited by Juha Vartola [ at all ]
260 ## - PUBLICATION, DISTRIBUTION, ETC. (IMPRINT)
Place of publication, distribution, etc. Kathmandu :
Name of publisher, distributor, etc. Institute for Human Development,
Date of publication, distribution, etc. 2000.
300 ## - PHYSICAL DESCRIPTION
Pagination xix, 234 p. :
Illustrations ill. ;
Size 25 cm.
650 #0 - SUBJECT ADDED ENTRY--TOPICAL TERM
Topical term or geographic name as entry element Non-governmental organizations
Geographic subdivision South Asia.
9 (RLIN) 185498
700 1# - ADDED ENTRY--PERSONAL NAME
Personal name Vartola, Juha
942 ## - ADDED ENTRY ELEMENTS (KOHA)
Source of classification or shelving scheme Dewey Decimal Classification
Koha item type Books
Holdings
Lost status Source of classification or shelving scheme Damaged status Not for loan Collection code Permanent Location Current Location Shelving location Date acquired Total Checkouts Full call number Date last seen Copy number Koha item type
  Dewey Decimal Classification   Not For Loan Non-fiction Central Library, University of Rajshahi Central Library, University of Rajshahi Reading Room 26/08/2002   327.060959 DEV 2000 23/01/2017 C-1 Books